| Tag |
First Indicator |
Second Indicator |
Subfields |
| LEADER |
00000cas a2200000 a 4500 |
| 001 |
in00000061022 |
| 005 |
20151008051053.0 |
| 008 |
800418d19801985sz br p 0uuua0eng d |
| 010 |
|
|
|a sn 82020477
|
| 022 |
|
|
|a 0020-1693
|
| 035 |
|
|
|a (OCoLC)06220680
|
| 035 |
|
|
|9 AAG5493AM
|
| 040 |
|
|
|a TXA
|c TXA
|d NST
|d TXA
|d UtOrBLW
|
| 042 |
|
|
|a nst
|
| 049 |
|
|
|a TXAE
|
| 090 |
|
|
|a QD146
|b .I584
|
| 245 |
0 |
0 |
|a Inorganica chimica acta.
|p Bioinorganic chemistry articles and letters.
|
| 264 |
|
1 |
|a Lausanne, Switzerland :
|b Elsevier Sequoia.
|
| 300 |
|
|
|a 63 volumes :
|b illustrations ;
|c 28 cm.
|
| 310 |
|
|
|a Monthly
|
| 321 |
|
|
|a Bimonthly
|
| 336 |
|
|
|a text
|b txt
|2 rdacontent
|
| 337 |
|
|
|a unmediated
|b n
|2 rdamedia
|
| 338 |
|
|
|a volume
|b nc
|2 rdacarrier
|
| 362 |
0 |
|
|a Vol. 46 (B1), no. 1 (Feb. 1980)-v. 108 (B1), no. 4 (Dec. 1985).
|
| 650 |
|
0 |
|a Chemistry, Inorganic
|v Periodicals.
|
| 650 |
|
0 |
|a Biochemistry
|v Periodicals.
|
| 780 |
0 |
1 |
|t Inorganica chimica acta
|x 0020-1693
|
| 785 |
0 |
0 |
|t Inorganica chimica acta. Bioinorganic chemistry
|
| 999 |
|
|
|a MARS
|
| 999 |
f |
f |
|s 3f706e98-be2f-30aa-b1dd-e58c0b8125f1
|i 76d80201-3eca-3df0-88d8-eef5c6c1fa7e
|t 0
|
| 952 |
f |
f |
|p ric
|a Texas A&M University
|b Rellis Campus
|c Joint Library Facility
|d Remote Storage
|t 0
|e QD146 .I584
|h Library of Congress classification
|i unmediated -- volume
|k v.67
|l 1982:July-Dec.
|m A14813816912
|
| 952 |
f |
f |
|p ric
|a Texas A&M University
|b Rellis Campus
|c Joint Library Facility
|d Remote Storage
|t 0
|e QD146 .I584
|h Library of Congress classification
|i unmediated -- volume
|k v.106
|l 1985:Jan.-Apr.
|m A14843629941
|
| 952 |
f |
f |
|p ric
|a Texas A&M University
|b Rellis Campus
|c Joint Library Facility
|d Remote Storage
|t 0
|e QD146 .I584
|h Library of Congress classification
|i unmediated -- volume
|k v.80
|l 1983:Aug.-Dec.
|m A14843629925
|
| 952 |
f |
f |
|p ric
|a Texas A&M University
|b Rellis Campus
|c Joint Library Facility
|d Remote Storage
|t 0
|e QD146 .I584
|h Library of Congress classification
|i unmediated -- volume
|k v.108
|l 1985:Sept.-Dec.
|m A14818716248
|
| 952 |
f |
f |
|p ric
|a Texas A&M University
|b Rellis Campus
|c Joint Library Facility
|d Remote Storage
|t 0
|e QD146 .I584
|h Library of Congress classification
|i unmediated -- volume
|k v.93
|l 1984:Sept.-Dec.
|m A14818716298
|
| 952 |
f |
f |
|p ric
|a Texas A&M University
|b Rellis Campus
|c Joint Library Facility
|d Remote Storage
|t 0
|e QD146 .I584
|h Library of Congress classification
|i unmediated -- volume
|k v.79
|l 1983:July
|m A14843629917
|
| 952 |
f |
f |
|p ric
|a Texas A&M University
|b Rellis Campus
|c Joint Library Facility
|d Remote Storage
|t 0
|e QD146 .I584
|h Library of Congress classification
|i unmediated -- volume
|k v.55
|l 1981:Jan.-June
|m A14813891718
|
| 952 |
f |
f |
|p ric
|a Texas A&M University
|b Rellis Campus
|c Joint Library Facility
|d Remote Storage
|t 0
|e QD146 .I584
|h Library of Congress classification
|i unmediated -- volume
|k v.91
|l 1984:Jan.-Apr.
|m A14816643172
|
| 952 |
f |
f |
|p ric
|a Texas A&M University
|b Rellis Campus
|c Joint Library Facility
|d Remote Storage
|t 0
|e QD146 .I584
|h Library of Congress classification
|i unmediated -- volume
|k v.56
|l 1981:July-Dec.
|m A14843629891
|
| 952 |
f |
f |
|p ric
|a Texas A&M University
|b Rellis Campus
|c Joint Library Facility
|d Remote Storage
|t 0
|e QD146 .I584
|h Library of Congress classification
|i unmediated -- volume
|k v.78
|l 1983:Jan.-June
|m A14843629909
|
| 952 |
f |
f |
|p ric
|a Texas A&M University
|b Rellis Campus
|c Joint Library Facility
|d Remote Storage
|t 0
|e QD146 .I584
|h Library of Congress classification
|i unmediated -- volume
|k v.66
|l 1982:Jan.-June
|m A14819848412
|
| 952 |
f |
f |
|p ric
|a Texas A&M University
|b Rellis Campus
|c Joint Library Facility
|d Remote Storage
|t 0
|e QD146 .I584
|h Library of Congress classification
|i unmediated -- volume
|k v.46
|l 1980
|m A14812201156
|
| 952 |
f |
f |
|p ric
|a Texas A&M University
|b Rellis Campus
|c Joint Library Facility
|d Remote Storage
|t 0
|e QD146 .I584
|h Library of Congress classification
|i unmediated -- volume
|k v.107
|l 1985:May-Aug.
|m A14814986192
|
| 952 |
f |
f |
|p ric
|a Texas A&M University
|b Rellis Campus
|c Joint Library Facility
|d Remote Storage
|t 0
|e QD146 .I584
|h Library of Congress classification
|i unmediated -- volume
|k v.92
|l 1984:May-Aug.
|m A14843629933
|
| 998 |
f |
f |
|a QD146 .I584
|s v.106-108 (1985)
|t 0
|l Remote Storage
|